Sea Level Rise and Its Impact on the Delineation of Maritime Zones
Ponúknutie úvodného prehľadu problematiky námorných hraníc, predstavenie základných právnych základov a načrtnutie niektorých odborných názorov na otázku stability námorných hraníc v kontexte meniacich sa podmienok.
Na minha lista:
| Autor principal: | |
|---|---|
| Formato: | Capítulo de Livro |
| Idioma: | inglês |
| Assuntos: | |
| Tags: |
Sem tags, seja o primeiro a adicionar uma tag!
|
MARC
| LEADER | 00000naa$a2200000$$$4500 | ||
|---|---|---|---|
| 001 | 0312134 | ||
| 005 | 20250910084728.2 | ||
| 041 | 0 | |a eng | |
| 044 | |a SK | ||
| 245 | 1 | 0 | |a Sea Level Rise and Its Impact on the Delineation of Maritime Zones |c Dorota Harakaľová |
| 520 | |a Ponúknutie úvodného prehľadu problematiky námorných hraníc, predstavenie základných právnych základov a načrtnutie niektorých odborných názorov na otázku stability námorných hraníc v kontexte meniacich sa podmienok. | ||
| 610 | 2 | 0 | |a more |
| 610 | 2 | 0 | |a hranice štátne |
| 610 | 2 | 0 | |a dôsledky sociálne |
| 610 | 2 | 0 | |a meranie |
| 610 | 2 | 0 | |a právo |
| 610 | 2 | 0 | |a legislatíva |
| 610 | 2 | 0 | |a zákony |
| 100 | 1 | |a Harakaľová, Dorota, 1989- | |